Holiday Quiz

Random Holiday or Christmas Quiz

A Knitted Christmas Quiz Stats

 Plays Quiz Updated Dec 8, 2016

Support Sporcle.
Go Orange.
Score 0/24 Timer 05:00
1 Play Today
% Correct
Christmas tree
94.4%
Star
93%
Reindeer
90.4%
Holy family
90.3%
Roast turkey
90.1%
Christmas present
88.5%
Candle
88.5%
Angel
88.3%
Father Christmas
88.3%
Elves
88.1%
Christmas lights
87.9%
Candy cane
87.8%
% Correct
Bells
87.8%
Snowmen
87.6%
Snowflakes
86.9%
Ornaments
86.5%
Gingerbread house
86.3%
Christmas stockings
86.1%
Three kings
85.6%
Wreath
85.4%
Mistletoe
82.1%
Holly
81.4%
Poinsettia
69.4%
Christmas pudding
47.8%

You're not logged in!

Compare scores with friends on all Sporcle quizzes.
OR
Log In

From the Vault

One Billion!

by UnitedEditors

Thanks to you, Sporcle has hit 1 billion plays! It's a fact, Sporclers are pretty much the best people in the world.
Remove Ads.
Support Sporcle.
Get the best of Sporcle when you Go Orange. This ad-free experience offers more features, more stats, and more fun while also helping to support Sporcle. Thank you for becoming a member.

Show Comments

Extras

Top Quizzes Today


Score Distribution

Your Account Isn't Verified!

In order to create a playlist on Sporcle, you need to verify the email address you used during registration. Go to your Sporcle Settings to finish the process.

Report this User

Report this user for behavior that violates our Community Guidelines.

Details: